PERFORMANCE OF DIFFERENT TOMATO VARIETIES UNDER FARMER'S CONDITION សំដែងកម្មនៃពូជប៉េងប៉ោះផ្សេងៗគ្នាក្នុងលក្ខខណ្ឌកសិកេ. (Record no. 1246)

000 -LEADER
fixed length control field 00583nam a22001577a 4500
003 - CONTROL NUMBER IDENTIFIER
control field OSt
005 - DATE AND TIME OF LATEST TRANSACTION
control field 20150925132543.0
008 - FIXED-LENGTH DATA ELEMENTS--GENERAL INFORMATION
fixed length control field 150925b xxu||||| |||| 00| 0 eng d
040 ## - CATALOGING SOURCE
Transcribing agency RUA
082 ## - DEWEY DECIMAL CLASSIFICATION NUMBER
Classification number AGR SER 2013 BO55 Or.1
100 ## - MAIN ENTRY--PERSONAL NAME
9 (RLIN) 1323
Personal name SREANG, PHEARA
245 ## - TITLE STATEMENT
Title PERFORMANCE OF DIFFERENT TOMATO VARIETIES UNDER FARMER'S CONDITION សំដែងកម្មនៃពូជប៉េងប៉ោះផ្សេងៗគ្នាក្នុងលក្ខខណ្ឌកសិកេ.
260 ## - PUBLICATION, DISTRIBUTION, ETC. (IMPRINT)
Place of publication, distribution, etc. PHNOM PHEN
Name of publisher, distributor, etc. RUA
Date of publication, distribution, etc. 2013
300 ## - PHYSICAL DESCRIPTION
Extent IX.33p.
Other physical details ill.
Dimensions 29cm.
942 ## - ADDED ENTRY ELEMENTS (KOHA)
Source of classification or shelving scheme
Koha item type AGR
Holdings
Price effective from Date last seen Permanent Location Not for loan Date acquired Source of classification or shelving scheme Koha item type Lost status Withdrawn status Date last checked out Total Checkouts Shelving location Damaged status Barcode Current Location Full call number
2015-09-252015-09-25Library Block B 2015-09-25 AGR    B055 RUA004684 Library Block BAGR SER 2013 BO55 Or.1
2015-09-252015-09-25Library Block B 2015-09-25 AGR    B055 RUA004702Library Block BAGR SER 2013 BO55 Or.2
2015-09-252015-09-25Library Block B 2015-09-25 AGR    B055 RUA004556Library Block BAGR SER 2013 BO55 Or.3
2015-09-252015-09-25Library Block B 2015-09-25 AGR    B055 RUA004700Library Block BAGR SER 2013 BO55 Or.4
2015-09-252015-09-25Library Block B 2015-09-25 AGR    B055 RUA004560Library Block BAGR SER 2013 BO55 Or.5
2015-09-252015-09-25Library Block B 2015-09-25 AGR    B055 RUA004987Library Block BAGR SER 2013 BO55 Or.6
2015-09-282015-09-28Library Block B 2015-09-28 AGR      RUA006373Library Block BAGR SER 2013 BO55 Or.7
2015-09-282015-09-28Library Block B 2015-09-28 AGR      RUA006750Library Block BAGR SER 2013 BO55 Or.8
2019-01-212022-12-30Library Block B 2019-01-21 AGR  2022-11-283B1.210 A41551Library Block BAGR SER 2013 B1.210 Or.1
2019-01-212019-01-21Library Block B 2019-01-21 AGR    B1.210 A41958Library Block BAGR SER 2013 B1.210 Or.2
មជ្ឈមណ្ឌលឯការនៃសាកលវិទ្យាល័យភូមិន្ទកសិកម្មចំការដូង

Powered by Koha